000 00560nam a2200205 a 4500
005 20140310183332.0
008 060824s19uu xx 00 eng d
020 _a0130987840
050 _aRJ 506.B44
_b.W534 2003
100 _aWicks-Nelson, Rita
245 _aBehavior disorders of childhood /
250 _a5th ed.
260 _aNew Jersey :
_bPrentice Hall,
_c2003.
300 _a553 p. :
_bill. ;
_c26 cm.
521 _aPSYCH
650 _aBehavior disorders in children.
700 _aIsrael, Allen C.
942 _cBK
_2lcc
_kFOR
999 _c21598
_d21598